000 00559nam a2200205Ia 4500
005 20250508162839.0
008 008 250505s9999 xx 000 0 eng d
020 _a81-237-0036-9
037 _aTextual
040 _aFEDL
_beng
_cFEDL
041 _aeng
_2eng
084 _a363.7, FUT
_qFEDL
100 _aFutehally Laeeq
245 0 _aOur environment
260 _aNew Delhi, India
_bNational Book Trust
_c1988
300 _a130p
650 _aEnvironmental Education
_9766882
942 _cTEXL
_h363.7, FUT
999 _c1379021
_d1379021